Precios y producción agraria. Potosí y Charcas en el siglo XVIII (Registro nro. 16393)
[ vista simple ]
| 000 -LEADER | |
|---|---|
| fixed length control field | 00390 a2200121 4500 |
| 001 - CONTROL NUMBER | |
| control field | ART_3441 |
| 005 - DATE AND TIME OF LATEST TRANSACTION | |
| control field | 20260410161714.0 |
| 008 - FIXED-LENGTH DATA ELEMENTS--GENERAL INFORMATION | |
| fixed length control field | 260409a |
| 100 1# - MAIN ENTRY--PERSONAL NAME | |
| Personal name | Tandeter, Enrique |
| 245 10 - TITLE STATEMENT | |
| Title | Precios y producción agraria. Potosí y Charcas en el siglo XVIII |
| 700 1# - ADDED ENTRY--PERSONAL NAME | |
| Personal name | Wachtel, Nathan |
| 773 0# - HOST ITEM ENTRY | |
| Title | Desarrollo económico |
| Related parts | - Vol. 23, Nº 90 (jul./sep. 1983) |
| Record control number | REV1174 |
No hay ítems disponibles.